Practical design of simple steel structures Vol I / (Record no. 1928)
[ view plain ]
| 000 -LEADER | |
|---|---|
| fixed length control field | 00413cam a2200157ua 4500 |
| 003 - CONTROL NUMBER IDENTIFIER | |
| control field | OSt |
| 008 - FIXED-LENGTH DATA ELEMENTS--GENERAL INFORMATION | |
| fixed length control field | 250617b |||||||| |||| 00| 0 eng d |
| 041 ## - LANGUAGE CODE | |
| Language code of text/sound track or separate title | eng |
| 082 ## - DEWEY DECIMAL CLASSIFICATION NUMBER | |
| Classification number | 624.1821 |
| Item number | STE/PR |
| 100 ## - MAIN ENTRY--AUTHOR NAME | |
| Personal name | Stewart, David.S . |
| 245 ## - TITLE STATEMENT | |
| Title | Practical design of simple steel structures Vol I / |
| 250 ## - EDITION STATEMENT | |
| Edition statement | 5 / |
| 260 ## - PUBLICATION, DISTRIBUTION, ETC. (IMPRINT) | |
| Place of publication | London : |
| Name of publisher | Constable and Company Ltd , |
| Year of publication | 1959. |
| 300 ## - PHYSICAL DESCRIPTION | |
| Number of Pages | 224 ; . |
| 942 ## - ADDED ENTRY ELEMENTS (KOHA) | |
| Koha item type | Books |
| Withdrawn status | Lost status | Damaged status | Home library | Current library | Date acquired | Full call number | Accession Number | Koha item type |
|---|---|---|---|---|---|---|---|---|
| KAUAET | KAUAET | 07/04/2012 | 624.1821 STE/PR | 3484 | Books | |||
| KAUAET | KAUAET | 07/04/2012 | 624.1821 | 3279 | Books |
